000 00383nam a22001697a 4500
999 _c4218
_d4217
005 20210909114402.0
008 160627b xxu||||| |||| 00| 0 eng d
020 _a81-7663-096-9
041 _aeng
082 _b10280
100 _a Lehninger Albert L
_96915
245 _aBiochemistry
260 _bKalyani
_c2003
300 _a1055
650 _aAgriculture
_92837
942 _cBK